| 000 | 00479nam a2200193Ia 4500 | ||
|---|---|---|---|
| 008 | 170918s9999 xx 000 0 und d | ||
| 020 | _a439287200 | ||
| 050 | _bA556 1999 | ||
| 100 | _aAndreae, Giles | ||
| 245 | _aGiraffes can't dance / | ||
| 245 | _cGiles Andreae ; illustrated by Guy Parker-Rees. | ||
| 260 | _aNew York : | ||
| 260 | _bScholastic, | ||
| 260 | _c1999 | ||
| 300 | _aunpaged : | ||
| 300 | _bcolored illustration ; | ||
| 300 | _c28cm. | ||
| 500 | _a450 | ||
| 999 |
_c341410 _d341410 |
||